01405 a2200193 4500003000500000005001700005010001600022020001500038040000900053082001500062100002500077245005800102250001200160260005300172300003400225440007600259505084200335650003401177Nust20221124134221.0 a 81082530 a0675099382 cNust00a621.38132,1 aBoylestad, Robert L.10aIntroductory circuit analysis /cRobert L. Boylestad. a4th ed. aColumbus, Ohio :bC.E. Merrill Pub. Co.,cc1982. axii, 788 p. :bill. ;c26 cm. 0aMerrill's international series in electrical and electronics technology aUnits and Notation (Page-1), Current and Voltage (Page-17), Resistance (Page-41), OHM,S Law Power and Energy (Page-65), Series and Parallel Circuits (Page-81), Series Parallel Networks (Page-113), Methods of Analysis and Selected Topics (dc) (Page-133), Network Theorems (Page-185), Capacitors (Page-223), Magnetic Circuits (Page-263) Inductors (Page-303), DC Instruments (Page-325), Sinusoidal Alternating Current (Page-347), Phasors (Page-397), Series and Parallel Circuits (Page-419), Series Parallel ac Networks (Page-461), Methods of Analysis and Selected Topics (ac) (Page-477), Network Theorems (ac) (Page-511), Power (ac) (Page-543), Resonance (Page-567), Polyphase Systems (Page-609), ac Meters (Page-641), Nonsinusoidal Circuits (Page-651), Transformers (Page-671), To-Port Parameters (Page-707), Computer Analysis (Page-729),  0aTelecommunication Engineering